000 00498nam a22001697u 4500
008 130405s2004 xxu||||| |||| 00| 0 spa d
017 _aM. 2.950-2004
020 _a8484403114
041 _aspa
100 1 _aPrieto Ramiro, Rafael
_929668
245 0 0 _aCáritas Cuaresma y Pascua 2004
_b:¡Si tú supieras...!
_cRafael Prieto Ramiro
260 _aMadrid:
_bCáritas Española,
_c2004
300 _a279 p.
_c;21 cm.
650 0 4 _aLiturgia
_xNavidad y adviento
_918909
942 _cBK
001 97125
999 _c255955
_d255955